Central Library OPAC University of Rajshahi

Solvent Extraction In Analytical Chemistry / (Record no. 72138)

MARC details
000 -LEADER
fixed length control field 00839nam a2200265 a 4500
001 - CONTROL NUMBER
control field 72138
003 - CONTROL NUMBER IDENTIFIER
rucl marc code BD-RjUL
005 - DATE AND TIME OF LATEST TRANSACTION
control field 20211209082221.0
008 - FIXED-LENGTH DATA ELEMENTS--GENERAL INFORMATION
fixed length control field 170514s1957 nyua 001 0 eng d
035 ## - SYSTEM CONTROL NUMBER
System control number (BD-RjUL)72354
040 ## - CATALOGING SOURCE
Original cataloging agency DLC
Transcribing agency DLC
Modifying agency DLC
-- BD-RjUL
Language of cataloging eng
041 ## - LANGUAGE CODE
Language code of text/sound track or separate title eng
082 00 - DEWEY DECIMAL CLASSIFICATION NUMBER
Classification number 543
Edition number 23
Author mark and year MOS 1957
100 1# - MAIN ENTRY--PERSONAL NAME
Personal name Morrison, George H.
Fuller form of name (George Harold),
Dates associated with a name 1921-
9 (RLIN) 213360
245 10 - TITLE STATEMENT
Title Solvent Extraction In Analytical Chemistry /
Statement of responsibility, etc. [by] George H. Morrison [and] Henry Freiser.
260 ## - PUBLICATION, DISTRIBUTION, ETC. (IMPRINT)
Place of publication, distribution, etc. New York :
Name of publisher, distributor, etc. John Wiley,
Date of publication, distribution, etc. c1957.
300 ## - PHYSICAL DESCRIPTION
Pagination xi, 269 p. :
Illustrations ill. ;
Size 24 cm.
500 ## - GENERAL NOTE
General note Includes Index.
650 #0 - SUBJECT ADDED ENTRY--TOPICAL TERM
Topical term or geographic name as entry element Chemistry, Analytic
9 (RLIN) 213361
Topical term or geographic name as entry element Solvent extraction.
9 (RLIN) 213362
Topical term or geographic name as entry element Solvents.
9 (RLIN) 203287
700 1# - ADDED ENTRY--PERSONAL NAME
Personal name Freiser, Henry
Dates associated with a name 1920-
Relator term joint author.
942 ## - ADDED ENTRY ELEMENTS (KOHA)
Source of classification or shelving scheme Dewey Decimal Classification
Koha item type Books
Holdings
Lost status Source of classification or shelving scheme Damaged status Not for loan Collection code Permanent Location Current Location Shelving location Date acquired Source of acquisition Cost, normal purchase price Total Checkouts Full call number Date last seen Copy number Koha item type
  Dewey Decimal Classification   Not For Loan Non-fiction Central Library, University of Rajshahi Central Library, University of Rajshahi Reading Room 07/01/1959 John W.A Sons. 6.07   543 MOS 1957 14/05/2017 C-1 Books